[Event "DVM U12 2014"]
[Site "Verden/Aller GER"]
[Date "2014.12.29"]
[Round "6"]
[White "Späth, Christoph"]
[Black "Rommel, Tobias"]
[Result "1/2-1/2"]
[Termination "normal"]
[Board "9.3"]
[WhiteElo "1166"]
[BlackElo "989"]
[WhiteTeam "Schach-Kids Bernhausen"]
[BlackTeam "SC Heitersheim"]
[PlyCount "41"]
[EventCountry "GER"]
[EventRounds "7"]
[EventType "team-swiss"]
[EventDate "2014.12.26"]

1. e4 e5 2. Nf3 Nc6 3. Bc4 Bc5 4. O-O Nf6 5. d3 d6 6. h3 h6 7. Nc3 O-O 8. a3 a6
9. Bd2 Nh5 10. Nxe5 Ng3 11. Nxc6 bxc6 12. Re1 Qf6 13. Be3 Bxe3 14. Rxe3 Qf4 15.
Rxg3 Be6 16. Qf3 Qd2 17. Qd1 Qf4 18. Ne2 Qf6 19. b3 d5 20. Rf3 Qg6 21. Nf4
1/2-1/2

[Event "DVM U12 2014"]
[Site "Verden/Aller GER"]
[Date "2014.12.29"]
[Round "6"]
[White "Schoch, Justus"]
[Black "Ungerer, Tobias"]
[Result "1-0"]
[Termination "normal"]
[Board "9.4"]
[WhiteElo "778"]
[BlackElo "1148"]
[WhiteTeam "SC Heitersheim"]
[BlackTeam "Schach-Kids Bernhausen"]
[PlyCount "95"]
[BlackFideId "12970999"]
[EventCountry "GER"]
[EventRounds "7"]
[EventType "team-swiss"]
[EventDate "2014.12.26"]

1. e4 c5 2. Nc3 d6 3. d3 Nf6 4. Nf3 g6 5. Be2 Bg7 6. O-O O-O 7. Bg5 Nc6 8. a3
Bg4 9. h3 Bh5 10. Qd2 Bxf3 11. Bxf3 Nd4 12. Qd1 b5 13. Be3 Nxf3+ 14. Qxf3 b4
15. axb4 cxb4 16. Nb5 a6 17. Nd4 e5 18. Ne2 d5 19. Bc5 Re8 20. Bxb4 a5 21. Bc3
d4 22. Bd2 Qb6 23. Bg5 Reb8 24. Rfb1 a4 25. b4 a3 26. Rb3 a2 27. Rb2 Qa6 28.
Rbxa2 Qb7 29. Rxa8 Rxa8 30. Rxa8+ Qxa8 31. Bxf6 Bxf6 32. Qxf6 Qa1+ 33. Kh2 Qb2
34. Qxe5 Qxb4 35. Nxd4 h5 36. c4 Qb2 37. c5 h4 38. c6 Qc3 39. c7 Qc1 40. Qe8+
Kg7 41. c8=Q Qf4+ 42. Kg1 Kh6 43. Qh8+ Kg5 44. Qg4+ Qxg4 45. hxg4 Kxg4 46. e5
g5 47. f3+ Kg3 48. Ne2# 1-0

[Event "DVM U12 2014"]
[Site "Verden/Aller GER"]
[Date "2014.12.29"]
[Round "6"]
[White "Diel, Tom"]
[Black "Kitzig, Tobias"]
[Result "1-0"]
[Termination "normal"]
[Board "10.1"]
[WhiteElo "1230"]
[BlackElo "1442"]
[WhiteTeam "SV Lendersdorf 57"]
[BlackTeam "VfL 1990 Gera"]
[PlyCount "43"]
[WhiteFideId "16258428"]
[EventCountry "GER"]
[EventRounds "7"]
[EventType "team-swiss"]
[EventDate "2014.12.26"]

1. e4 e5 2. Nf3 Nf6 3. Nc3 Nc6 4. Bc4 Bc5 5. d3 O-O 6. Bg5 d6 7. Nd5 h6 8.
Nxf6+ gxf6 9. Bxh6 Re8 10. Qd2 a5 11. O-O-O a4 12. Rdg1 Na5 13. g4 c6 14. g5 f5
15. g6 Be6 16. gxf7+ Kxf7 17. Rg7+ Kf8 18. Rh7+ Kg8 19. Rc7 Kh8 20. Rg1 Qf6 21.
Rgg7 Rad8 22. Ng5 1-0

[Event "DVM U12 2014"]
[Site "Verden/Aller GER"]
[Date "2014.12.29"]
[Round "6"]
[White "Herrmann, Nick"]
[Black "Sorokin, Michael"]
[Result "1/2-1/2"]
[Termination "normal"]
[Board "10.2"]
[WhiteElo "1235"]
[BlackElo "1129"]
[WhiteTeam "VfL 1990 Gera"]
[BlackTeam "SV Lendersdorf 57"]
[PlyCount "40"]
[WhiteFideId "12971499"]
[BlackFideId "16229045"]
[EventCountry "GER"]
[EventRounds "7"]
[EventType "team-swiss"]
[EventDate "2014.12.26"]

1. e4 c5 2. d4 cxd4 3. c3 d3 4. Bxd3 d6 5. Nf3 Nc6 6. Be3 Nf6 7. Nbd2 g6 8. O-O
Bg7 9. Nh4 e6 10. f4 O-O 11. f5 d5 12. fxg6 fxg6 13. Bc5 Re8 14. Nhf3 Qc7 15.
Bf2 Nh5 16. Ng5 Bd7 17. Bc5 b6 18. Be3 Rf8 19. exd5 exd5 20. Qb3 Ne7 1/2-1/2

[Event "DVM U12 2014"]
[Site "Verden/Aller GER"]
[Date "2014.12.29"]
[Round "6"]
[White "Klein-Uebbing, Niklas"]
[Black "Schulze, Nick"]
[Result "0-1"]
[Termination "normal"]
[Board "10.3"]
[WhiteElo "1143"]
[BlackElo "1288"]
[WhiteTeam "SV Lendersdorf 57"]
[BlackTeam "VfL 1990 Gera"]
[PlyCount "48"]
[BlackFideId "12971847"]
[EventCountry "GER"]
[EventRounds "7"]
[EventType "team-swiss"]
[EventDate "2014.12.26"]

1. e4 c5 2. c3 e6 3. d4 cxd4 4. cxd4 d6 5. Nf3 Nc6 6. Nc3 Nf6 7. Bc4 Be7 8. O-O
O-O 9. Be3 Bd7 10. Qc2 Rc8 11. Rac1 a6 12. h3 b5 13. Bd3 Nb4 14. Qb1 Nxd3 15.
Qxd3 b4 16. Ne2 Bb5 17. Qd2 Nxe4 18. Qd1 Rxc1 19. Bxc1 d5 20. a4 bxa3 21. bxa3
Qa5 22. Qb3 Bxe2 23. Re1 Bxf3 24. Qxf3 Qxe1+ 0-1

[Event "DVM U12 2014"]
[Site "Verden/Aller GER"]
[Date "2014.12.30"]
[Round "7"]
[White "Schlangenotto, Niklas"]
[Black "Engel, Luis"]
[Result "0-1"]
[Termination "normal"]
[Board "1.1"]
[WhiteElo "1549"]
[BlackElo "2113"]
[WhiteTeam "SK Blauer Springer Paderborn"]
[BlackTeam "Hamburger SK von 1830"]
[PlyCount "110"]
[WhiteFideId "16217560"]
[BlackFideId "12961523"]
[EventCountry "GER"]
[EventRounds "7"]
[EventType "team-swiss"]
[EventDate "2014.12.26"]

1. d4 g6 2. Bf4 Bg7 3. Nf3 d6 4. e3 Nf6 5. Bd3 O-O 6. c3 Nbd7 7. Qe2 Re8 8. Bg3
e5 9. Bc2 c6 10. O-O Nh5 11. Nbd2 Nxg3 12. hxg3 d5 13. Rac1 Qb6 14. Nb3 a5 15.
a4 exd4 16. cxd4 Nf6 17. Rfe1 Bg4 18. Rb1 Ne4 19. Nbd2 Qb4 20. Qd3 Bf5 21. Qb3
Nxd2 22. Qxb4 Nxf3+ 23. gxf3 axb4 24. Bxf5 gxf5 25. b3 b5 26. Ra1 bxa4 27. bxa4
b3 28. Reb1 Reb8 29. Ra3 b2 30. Ra2 c5 31. Raxb2 Rxb2 32. Rxb2 cxd4 33. exd4
Rxa4 34. Kf1 Rxd4 35. Ke2 Re4+ 36. fxe4 Bxb2 37. exd5 Kf8 38. Kf3 Be5 39. g4
fxg4+ 40. Kxg4 Ke7 41. f4 Bg7 42. Kf5 Kd6 43. Ke4 h5 44. Kf5 Kxd5 45. Kg5 Ke4
46. f5 f6+ 47. Kxh5 Kxf5 48. Kh4 Ke4 49. Kg3 f5 50. Kf2 f4 51. Ke2 f3+ 52. Kf2
Bd4+ 53. Kf1 Ke3 54. Ke1 f2+ 55. Kf1 Be5 0-1

[Event "DVM U12 2014"]
[Site "Verden/Aller GER"]
[Date "2014.12.30"]
[Round "7"]
[White "Holinka, Henning"]
[Black "Stirnberg, Noah"]
[Result "1/2-1/2"]
[Termination "normal"]
[Board "1.2"]
[WhiteElo "1799"]
[BlackElo "1528"]
[WhiteTeam "Hamburger SK von 1830"]
[BlackTeam "SK Blauer Springer Paderborn"]
[PlyCount "46"]
[WhiteFideId "12967084"]
[BlackFideId "16207742"]
[EventCountry "GER"]
[EventRounds "7"]
[EventType "team-swiss"]
[EventDate "2014.12.26"]

1. c4 c5 2. g3 Nc6 3. Bg2 e5 4. Nc3 g6 5. e4 Bg7 6. Nge2 Nge7 7. O-O d6 8. d3
O-O 9. Be3 h6 10. f4 Be6 11. h3 f5 12. Qd2 Kh7 13. b3 Nd4 14. Rae1 Nec6 15. Nd5
Qd7 16. Kh2 Rf7 17. Nec3 Raf8 18. Nb5 Nxb5 19. cxb5 Nd4 20. fxe5 dxe5 21. a4 g5
22. Bxd4 cxd4 23. Rc1 Qd6 1/2-1/2

[Event "DVM U12 2014"]
[Site "Verden/Aller GER"]
[Date "2014.12.30"]
[Round "7"]
[White "Brockhoff, Moritz"]
[Black "Meyling, Lennart"]
[Result "0-1"]
[Termination "normal"]
[Board "1.3"]
[WhiteElo "1447"]
[BlackElo "1648"]
[WhiteTeam "SK Blauer Springer Paderborn"]
[BlackTeam "Hamburger SK von 1830"]
[PlyCount "90"]
[WhiteFideId "16214927"]
[BlackFideId "12947130"]
[EventCountry "GER"]
[EventRounds "7"]
[EventType "team-swiss"]
[EventDate "2014.12.26"]

1. d4 g6 2. g3 Bg7 3. Bg2 d6 4. Nf3 Nf6 5. O-O O-O 6. e3 Bg4 7. h3 Bf5 8. Nh4
Be4 9. f3 Bc6 10. e4 e6 11. c4 Nh5 12. d5 exd5 13. exd5 Bd7 14. Qb3 Bd4+ 15.
Kh2 Na6 16. f4 Bf6 17. Nf3 Nc5 18. Qc2 Bf5 19. Qd1 Bd3 20. Re1 Bxc4 21. g4 Ng7
22. g5 Be7 23. Qd4 Bb5 24. b4 Nf5 25. Qc3 Nd3 26. Rd1 Nxc1 27. Rxc1 c6 28. Na3
Ba4 29. dxc6 Bxc6 30. b5 Be4 31. Re1 d5 32. Rad1 Bd6 33. Ne5 Bxg2 34. Kxg2 d4
35. Qd3 Bxe5 36. Qe4 Bd6 37. Nc4 Nh4+ 38. Kh1 Re8 39. Qxb7 Bxf4 40. Rf1 Qxg5
41. Rxd4 Rab8 42. Qc6 Re6 43. Qd5 Rxb5 44. Qa8+ Rb8 45. Qd5 Rbe8 0-1

[Event "DVM U12 2014"]
[Site "Verden/Aller GER"]
[Date "2014.12.30"]
[Round "7"]
[White "Engel, Robert"]
[Black "Janke, Julian"]
[Result "1-0"]
[Termination "normal"]
[Board "1.4"]
[WhiteElo "1742"]
[BlackElo "1192"]
[WhiteTeam "Hamburger SK von 1830"]
[BlackTeam "SK Blauer Springer Paderborn"]
[PlyCount "99"]
[WhiteFideId "12974684"]
[BlackFideId "16229185"]
[EventCountry "GER"]
[EventRounds "7"]
[EventType "team-swiss"]
[EventDate "2014.12.26"]

1. e4 d5 2. exd5 Qxd5 3. Nc3 Qd8 4. d4 Nf6 5. Nf3 e6 6. Bc4 Be7 7. O-O O-O 8.
Bf4 a6 9. Re1 b5 10. Bb3 Bb7 11. Ne5 Nbd7 12. Qd3 Nxe5 13. Bxe5 Nd7 14. Bg3 c5
15. dxc5 Nxc5 16. Qe3 Qd7 17. Be5 Qc6 18. Qg3 f6 19. Bf4 Nxb3 20. cxb3 Rf7 21.
Rac1 e5 22. Be3 f5 23. Ne2 Bh4 24. Rxc6 Bxg3 25. Rc5 Bh4 26. Rxe5 g6 27. Rc5
Bf6 28. Bd4 Be7 29. Rc7 Bb4 30. Rec1 Re8 31. Be3 Bd5 32. Nf4 Rxc7 33. Rxc7 Be4
34. h3 Rd8 35. Rc1 Bd2 36. Rd1 Ba5 37. Rxd8+ Bxd8 38. Bd4 Kf7 39. f3 Bb7 40.
Nd3 Ke6 41. Nc5+ Kd5 42. Nxb7 Kxd4 43. Nxd8 Kd3 44. Nc6 Kc2 45. Nb4+ Kxb2 46.
Nxa6 Kxa2 47. b4 Kb3 48. Kf2 Kc3 49. Ke3 Kc2 50. Kd4 1-0

[Event "DVM U12 2014"]
[Site "Verden/Aller GER"]
[Date "2014.12.30"]
[Round "7"]
[White "Wong, Gengchun"]
[Black "von Estorff, Jacob"]
[Result "1-0"]
[Termination "normal"]
[Board "2.1"]
[WhiteElo "1989"]
[BlackElo "1650"]
[WhiteTeam "SV Dresden-Leuben"]
[BlackTeam "Post SV Uelzen"]
[PlyCount "99"]
[WhiteFideId "12963283"]
[BlackFideId "12974501"]
[EventCountry "GER"]
[EventRounds "7"]
[EventType "team-swiss"]
[EventDate "2014.12.26"]

1. e4 c5 2. Nf3 Nc6 3. d4 cxd4 4. Nxd4 e6 5. Nc3 Bb4 6. Ndb5 Bxc3+ 7. Nxc3 Nge7
8. Bd3 d5 9. O-O Nb4 10. Be2 O-O 11. a3 Nbc6 12. exd5 exd5 13. Bf3 Be6 14. Re1
Rc8 15. Bg5 Qd7 16. Qd2 h6 17. Bf4 a6 18. Rad1 b5 19. Nxd5 Nxd5 20. Bxd5 Bxd5
21. Qxd5 Qxd5 22. Rxd5 Na5 23. Re2 Rfe8 24. Rxe8+ Rxe8 25. Kf1 Nc4 26. Bc1 Re6
27. b3 Ne5 28. Bf4 Ng4 29. h3 Nf6 30. Rd6 Rxd6 31. Bxd6 Kh7 32. c4 bxc4 33.
bxc4 Kg6 34. Ke2 Kf5 35. Bf8 Ne8 36. Ke3 Ke5 37. a4 f5 38. f4+ Kf6 39. Kd4 Nc7
40. Bd6 Ne6+ 41. Kd5 g5 42. fxg5+ hxg5 43. c5 f4 44. c6 Kf5 45. c7 Nxc7+ 46.
Bxc7 g4 47. hxg4+ Kxg4 48. a5 Kg3 49. Kc6 Kxg2 50. Bxf4 1-0

[Event "DVM U12 2014"]
[Site "Verden/Aller GER"]
[Date "2014.12.30"]
[Round "7"]
[White "Askerov, Imamali"]
[Black "Bui, Hai Lam"]
[Result "1/2-1/2"]
[Termination "normal"]
[Board "2.2"]
[WhiteElo "1746"]
[BlackElo "1868"]
[WhiteTeam "Post SV Uelzen"]
[BlackTeam "SV Dresden-Leuben"]
[PlyCount "112"]
[WhiteFideId "12974498"]
[BlackFideId "12975737"]
[EventCountry "GER"]
[EventRounds "7"]
[EventType "team-swiss"]
[EventDate "2014.12.26"]

1. d4 Nf6 2. c4 g6 3. Nc3 d5 4. cxd5 Nxd5 5. e4 Nxc3 6. bxc3 Bg7 7. Bb2 O-O 8.
Nf3 c5 9. h3 Qa5 10. Qd3 cxd4 11. Nxd4 a6 12. Nb3 Qc7 13. Be2 Rd8 14. Qe3 Nd7
15. O-O b5 16. Rab1 Bb7 17. f4 e6 18. Ba1 Nb6 19. Na5 Bc8 20. Rfd1 Nd5 21. exd5
Qxa5 22. Bf3 Rb8 23. Rd2 exd5 24. Bxd5 Bf5 25. Rbd1 Re8 26. Qa7 Qb6+ 27. Qxb6
Rxb6 28. Bb3 Bh6 29. Rd4 Be6 30. Rd8 Kf8 31. Bb2 a5 32. Ba3+ b4 33. cxb4 axb4
34. Bc1 Bxb3 35. axb3 Rxd8 36. Rxd8+ Ke7 37. Rd4 Bg7 38. Rc4 Bc3 39. Kf2 Ke6
40. Be3 Rb5 41. Kf3 Ra5 42. Bc5 Rb5 43. Bd4 Bd2 44. Rc2 Bc3 45. Bxc3 bxc3 46.
Rxc3 Rb4 47. g3 Kf5 48. Ke3 h5 49. Kf3 Ke6 50. Rd3 Kf6 51. Re3 Kf5 52. g4+
hxg4+ 53. hxg4+ Kf6 54. g5+ Kg7 55. Rd3 Kf8 56. Re3 Kg7 1/2-1/2

[Event "DVM U12 2014"]
[Site "Verden/Aller GER"]
[Date "2014.12.30"]
[Round "7"]
[White "Bui, Ngoc Han Julia"]
[Black "Knüdel, Torben"]
[Result "0-1"]
[Termination "normal"]
[Board "2.3"]
[WhiteElo "1562"]
[BlackElo "1392"]
[WhiteTeam "SV Dresden-Leuben"]
[BlackTeam "Post SV Uelzen"]
[PlyCount "92"]
[WhiteFideId "12977055"]
[BlackFideId "16208820"]
[EventCountry "GER"]
[EventRounds "7"]
[EventType "team-swiss"]
[EventDate "2014.12.26"]

1. e4 e6 2. d4 d5 3. Nd2 c5 4. exd5 exd5 5. dxc5 Bxc5 6. Nb3 Bb6 7. Nf3 Bg4 8.
Be2 Nf6 9. O-O O-O 10. Bg5 Nc6 11. h3 Bh5 12. c3 Qd6 13. Re1 Bc7 14. Nbd2 Ne4
15. Nxe4 dxe4 16. Qxd6 Bxd6 17. Nd2 Bxe2 18. Rxe2 f5 19. g4 g6 20. Kg2 Kg7 21.
gxf5 gxf5 22. f3 exf3+ 23. Nxf3 Rg8 24. Re6 Bc5 25. Rae1 Kh8 26. Kf1 Rg6 27.
Rf6 Rag8 28. Rf7 Rxg5 29. Nxg5 Rxg5 30. Rxb7 Rg1+ 31. Ke2 Rxe1+ 32. Kxe1 f4 33.
Rc7 Ne5 34. b4 Be3 35. a4 f3 36. Re7 Nc4 37. Rxe3 Nxe3 38. b5 f2+ 39. Kxf2 Nd1+
40. Kf3 Nxc3 41. Ke3 Nxa4 42. Kd4 h5 43. Kc4 Kg7 44. Kb4 Nb6 45. Ka5 Nd5 46.
Ka6 Nc3 0-1

[Event "DVM U12 2014"]
[Site "Verden/Aller GER"]
[Date "2014.12.30"]
[Round "7"]
[White "Badzies, Tobias"]
[Black "Wong, Kar Yan"]
[Result "0-1"]
[Termination "normal"]
[Board "2.4"]
[WhiteElo "1053"]
[BlackElo "1312"]
[WhiteTeam "Post SV Uelzen"]
[BlackTeam "SV Dresden-Leuben"]
[PlyCount "83"]
[BlackFideId "12971855"]
[EventCountry "GER"]
[EventRounds "7"]
[EventType "team-swiss"]
[EventDate "2014.12.26"]

1. d4 c5 2. Nf3 e6 3. c4 cxd4 4. Nxd4 Nf6 5. Nc3 a6 6. Bf4 d6 7. Bg5 Be7 8. e4
Nxe4 9. Bxe7 Nxc3 10. Bxd8 Nxd1 11. Rxd1 Kxd8 12. a3 Ke7 13. b4 Nc6 14. c5 Nxd4
15. Rxd4 d5 16. g3 Bd7 17. Be2 Bb5 18. Rd2 Rhc8 19. O-O Bxe2 20. Rxe2 a5 21.
Rc2 axb4 22. axb4 b6 23. Rfc1 bxc5 24. Rxc5 Rxc5 25. Rxc5 Kd6 26. Rc1 Rb8 27.
Rb1 Rb5 28. Kf1 d4 29. Ke2 e5 30. Kd3 Kd5 31. f3 f5 32. g4 fxg4 33. fxg4 e4+
34. Ke2 Rb6 35. Rb2 Kc4 36. Kd2 Rxb4 37. Rc2+ Kd5 38. Rc7 Rb2+ 39. Kd1 Rxh2 40.
Rd7+ Kc4 41. Rc7+ Kd3 42. Kc1 0-1

[Event "DVM U12 2014"]
[Site "Verden/Aller GER"]
[Date "2014.12.30"]
[Round "7"]
[White "Suvorov, Alexander"]
[Black "Garbuz, Vitaliy"]
[Result "1-0"]
[Termination "normal"]
[Board "3.1"]
[WhiteElo "1823"]
[BlackElo "1920"]
[WhiteTeam "SG Porz"]
[BlackTeam "SF Brackel 1930"]
[PlyCount "65"]
[WhiteFideId "12977063"]
[BlackFideId "12990710"]
[EventCountry "GER"]
[EventRounds "7"]
[EventType "team-swiss"]
[EventDate "2014.12.26"]

1. Nf3 Nf6 2. g3 g6 3. Bg2 Bg7 4. O-O d6 5. c4 Nbd7 6. Nc3 O-O 7. d3 e5 8. Rb1
h6 9. e3 Nh5 10. b4 f5 11. Bb2 Ndf6 12. d4 e4 13. Nd2 Be6 14. Qc2 d5 15. cxd5
Nxd5 16. Nxd5 Bxd5 17. a4 Nf6 18. Ba3 Re8 19. Rbc1 c6 20. Nc4 Bf8 21. Qb2 Bxc4
22. Rxc4 Nd5 23. Rfc1 Kh7 24. R4c2 a6 25. Bf1 Bd6 26. Bc4 Qd7 27. Bxd5 cxd5 28.
b5 Bxa3 29. Qxa3 Re7 30. b6 Qd8 31. Qxe7+ Qxe7 32. Rc7 Qxc7 33. Rxc7+ 1-0

[Event "DVM U12 2014"]
[Site "Verden/Aller GER"]
[Date "2014.12.30"]
[Round "7"]
[White "Sewald, Richard"]
[Black "Wastian, Mareike"]
[Result "1-0"]
[Termination "normal"]
[Board "3.3"]
[WhiteElo "1562"]
[BlackElo "1573"]
[WhiteTeam "SG Porz"]
[BlackTeam "SF Brackel 1930"]
[PlyCount "83"]
[WhiteFideId "12983586"]
[BlackFideId "12947423"]
[EventCountry "GER"]
[EventRounds "7"]
[EventType "team-swiss"]
[EventDate "2014.12.26"]

1. Nf3 d5 2. d3 e6 3. g3 c5 4. Bg2 Nf6 5. Nbd2 Be7 6. c4 Nc6 7. a3 b6 8. O-O
Bb7 9. h3 O-O 10. Re1 Qc7 11. Qc2 Rfd8 12. b3 dxc4 13. dxc4 Nd4 14. Nxd4 Bxg2
15. Nxe6 fxe6 16. Kxg2 Rd7 17. Bb2 Rad8 18. Rad1 Rd6 19. Be5 Qc6+ 20. Nf3 Rxd1
21. Rxd1 Rd7 22. Rxd7 Nxd7 23. Bb2 Nf6 24. Kg1 Qd6 25. Qd3 Qc6 26. Nd2 a6 27.
a4 a5 28. e4 Qc7 29. f4 Nd7 30. Nf3 Bf6 31. Bxf6 Nxf6 32. e5 Ne8 33. Ng5 g6 34.
Nxe6 Qe7 35. Ng5 Kg7 36. Qd5 Kh6 37. Nf7+ Kg7 38. Nd6 Nc7 39. Qb7 Qd7 40. Ne8+
Kh6 41. Nxc7 Qd4+ 42. Kh2 1-0

[Event "DVM U12 2014"]
[Site "Verden/Aller GER"]
[Date "2014.12.30"]
[Round "7"]
[White "Garbuz, Nicole"]
[Black "Gallasch, Robin"]
[Result "1-0"]
[Termination "normal"]
[Board "3.4"]
[WhiteElo "1440"]
[BlackElo "1096"]
[WhiteTeam "SF Brackel 1930"]
[BlackTeam "SG Porz"]
[PlyCount "55"]
[WhiteFideId "12990701"]
[BlackFideId "16222423"]
[EventCountry "GER"]
[EventRounds "7"]
[EventType "team-swiss"]
[EventDate "2014.12.26"]

1. Nf3 Nf6 2. g3 g6 3. Bg2 Bg7 4. O-O d6 5. Nc3 O-O 6. d3 Nc6 7. e4 e5 8. Re1
Be6 9. Ne2 d5 10. exd5 Nxd5 11. c4 Nb6 12. Nc3 Re8 13. Rb1 Bf5 14. Ne4 Bxe4 15.
Rxe4 f5 16. Re1 Nb4 17. Re3 Nxc4 18. Qb3 Bh6 19. Qxc4+ Kg7 20. Rxe5 Bxc1 21.
Rxe8 Qxe8 22. Rxc1 Nc6 23. Nd4 Nxd4 24. Qxd4+ Kh6 25. Qh4+ Kg7 26. Rxc7+ Kf8
27. Qf6+ Kg8 28. Qg7# 1-0

[Event "DVM U12 2014"]
[Site "Verden/Aller GER"]
[Date "2014.12.30"]
[Round "7"]
[White "Dietz, Florian"]
[Black "Heckmann, Till"]
[Result "1/2-1/2"]
[Termination "normal"]
[Board "4.1"]
[WhiteElo "1805"]
[BlackElo "1530"]
[WhiteTeam "Reideburger SV 90 Halle"]
[BlackTeam "SV Empor Berlin"]
[PlyCount "90"]
[WhiteFideId "12939897"]
[BlackFideId "12987093"]
[EventCountry "GER"]
[EventRounds "7"]
[EventType "team-swiss"]
[EventDate "2014.12.26"]

1. e4 e6 2. d4 d5 3. Nd2 dxe4 4. Nxe4 Nd7 5. Nf3 Ngf6 6. Nxf6+ Nxf6 7. Bd3 Be7
8. O-O O-O 9. Bf4 b6 10. Ne5 Bb7 11. c3 h6 12. Qe2 Qc8 13. Rfe1 Re8 14. Bc4 Bd6
15. Bg3 Bd5 16. Ba6 Qd8 17. c4 Be4 18. f3 Bxe5 19. dxe5 Bd3 20. Qe3 Nh5 21.
Rad1 Nxg3 22. hxg3 Qe7 23. Rxd3 Red8 24. Red1 Rxd3 25. Rxd3 Rd8 26. Bb5 Rxd3
27. Qxd3 Qc5+ 28. Kh2 Qxe5 29. b3 Qh5+ 30. Kg1 Qg5 31. f4 Qf6 32. a4 Qe7 33.
Qe4 Qc5+ 34. Kf1 Qa3 35. c5 Qxb3 36. Bd3 Qd1+ 37. Kf2 Qd2+ 38. Qe2 Qxe2+ 39.
Kxe2 Kf8 40. c6 Ke7 41. Be4 Kd6 42. Kd3 Kc5 43. Kc3 f5 44. Bf3 b5 45. axb5 g5
1/2-1/2

[Event "DVM U12 2014"]
[Site "Verden/Aller GER"]
[Date "2014.12.30"]
[Round "7"]
[White "Pysarenko, Kyrill"]
[Black "Post, Hugo"]
[Result "0-1"]
[Termination "normal"]
[Board "4.2"]
[WhiteElo "1408"]
[BlackElo "1760"]
[WhiteTeam "SV Empor Berlin"]
[BlackTeam "Reideburger SV 90 Halle"]
[PlyCount "44"]
[WhiteFideId "12974250"]
[BlackFideId "12962490"]
[EventCountry "GER"]
[EventRounds "7"]
[EventType "team-swiss"]
[EventDate "2014.12.26"]

1. e4 c5 2. Nf3 Nc6 3. d4 cxd4 4. Nxd4 Nf6 5. Nc3 g6 6. Be3 Bg7 7. Be2 O-O 8.
Qd2 d5 9. exd5 Nxd5 10. Nxc6 bxc6 11. Bd4 e5 12. Bc5 Re8 13. Nxd5 cxd5 14. Be3
Rb8 15. c3 d4 16. cxd4 exd4 17. Bf4 d3 18. Be3 dxe2 19. Qxe2 Rxb2 20. Qf3 Ba6
21. Rd1 Bc3+ 22. Rd2 Qxd2# 0-1

[Event "DVM U12 2014"]
[Site "Verden/Aller GER"]
[Date "2014.12.30"]
[Round "7"]
[White "Henning, Marvin"]
[Black "Breitzmann, Sander"]
[Result "1-0"]
[Termination "normal"]
[Board "4.3"]
[WhiteElo "1791"]
[BlackElo "1410"]
[WhiteTeam "Reideburger SV 90 Halle"]
[BlackTeam "SV Empor Berlin"]
[PlyCount "145"]
[WhiteFideId "12957399"]
[BlackFideId "12987085"]
[EventCountry "GER"]
[EventRounds "7"]
[EventType "team-swiss"]
[EventDate "2014.12.26"]

1. e4 e5 2. Nf3 Nc6 3. Bb5 Nge7 4. c3 g6 5. d4 exd4 6. cxd4 Bg7 7. O-O O-O 8.
h3 a6 9. Ba4 b5 10. Bb3 d5 11. e5 b4 12. Bf4 Bf5 13. Nbd2 Re8 14. Re1 h6 15.
Rc1 g5 16. Bg3 Rb8 17. Ba4 Bd7 18. Nb3 Rb6 19. Nc5 Nf5 20. Bh2 Re7 21. Qd3 Bc8
22. Bc2 Re8 23. Ba4 Nfe7 24. Bc2 Bf5 25. Qd2 Bxc2 26. Rxc2 Ng6 27. Na4 Ncxe5
28. dxe5 Rb5 29. Nd4 Rb8 30. Nc6 Qd7 31. Nxb8 Rxb8 32. Nc5 Qb5 33. e6 fxe6 34.
Nxe6 Re8 35. Nxc7 Rxe1+ 36. Qxe1 Qd3 37. Qd2 Qe4 38. Qxd5+ Qxd5 39. Nxd5 a5 40.
Bd6 Nh4 41. Ne7+ Kh7 42. Rc7 Bxb2 43. Nf5+ Kg6 44. Nxh4+ gxh4 45. Ra7 Bc3 46.
Bf4 Bd4 47. Rxa5 Bc3 48. Ra6+ Kf5 49. Bd6 h5 50. Bxb4 Bxb4 51. a4 Ke5 52. Rb6
Bc3 53. Rb5+ Kd6 54. Rxh5 Kc6 55. Rxh4 Kb6 56. Rc4 Bd2 57. g4 Bg5 58. f4 Bf6
59. g5 Bg7 60. h4 Ka5 61. h5 Bh8 62. f5 Bg7 63. f6 Bf8 64. g6 Bh6 65. g7 Be3+
66. Kg2 Bd2 67. Kf3 Bh6 68. Kg4 Bd2 69. g8=Q Bb4 70. Qe8 Ka6 71. Qb5+ Ka7 72.
Rc7+ Ka8 73. Qe8# 1-0

[Event "DVM U12 2014"]
[Site "Verden/Aller GER"]
[Date "2014.12.30"]
[Round "7"]
[White "Breitzmann, Thorge"]
[Black "Schlosser, Justin"]
[Result "0-1"]
[Termination "normal"]
[Board "4.4"]
[WhiteElo "1230"]
[BlackElo "1360"]
[WhiteTeam "SV Empor Berlin"]
[BlackTeam "Reideburger SV 90 Halle"]
[PlyCount "48"]
[BlackFideId "12993700"]
[EventCountry "GER"]
[EventRounds "7"]
[EventType "team-swiss"]
[EventDate "2014.12.26"]

1. d4 d5 2. Nf3 Nc6 3. c4 dxc4 4. e3 Nf6 5. Bxc4 Bf5 6. O-O e6 7. Nc3 a6 8. Re1
Bd6 9. e4 b5 10. exf5 bxc4 11. Bg5 O-O 12. d5 exd5 13. Nxd5 Nb4 14. Nxf6+ gxf6
15. Bh6 Re8 16. a3 Nd3 17. Rxe8+ Qxe8 18. Nd4 Qe4 19. f4 Qxd4+ 20. Kh1 Nf2+ 21.
Kg1 Nxd1+ 22. Kh1 Nf2+ 23. Kg1 Nh3+ 24. Kf1 Qf2# 0-1

[Event "DVM U12 2014"]
[Site "Verden/Aller GER"]
[Date "2014.12.30"]
[Round "7"]
[White "Lieberwirth, Kasimir"]
[Black "Krastev, Alexander"]
[Result "0-1"]
[Termination "normal"]
[Board "5.1"]
[WhiteElo "1546"]
[BlackElo "1727"]
[WhiteTeam "SG Turm Leipzig"]
[BlackTeam "Biebertaler Schachfreunde"]
[PlyCount "34"]
[WhiteFideId "12988146"]
[BlackFideId "12989983"]
[EventCountry "GER"]
[EventRounds "7"]
[EventType "team-swiss"]
[EventDate "2014.12.26"]

1. e4 d5 2. exd5 Qxd5 3. Nc3 Qd6 4. Bc4 Nf6 5. d4 a6 6. a4 Nc6 7. Nge2 Bf5 8.
Bf4 Qd7 9. O-O Rd8 10. Be3 e6 11. Qd2 Bb4 12. f3 O-O 13. Rad1 Rfe8 14. Rde1 Na5
15. Bd3 Nd5 16. Bxf5 exf5 17. Ng3 Nc4 0-1

[Event "DVM U12 2014"]
[Site "Verden/Aller GER"]
[Date "2014.12.30"]
[Round "7"]
[White "Pralle, Finnegan"]
[Black "Weimert, Miriam"]
[Result "1-0"]
[Termination "normal"]
[Board "5.2"]
[WhiteElo "1698"]
[BlackElo "1532"]
[WhiteTeam "Biebertaler Schachfreunde"]
[BlackTeam "SG Turm Leipzig"]
[PlyCount "65"]
[WhiteFideId "12986615"]
[BlackFideId "12966703"]
[EventCountry "GER"]
[EventRounds "7"]
[EventType "team-swiss"]
[EventDate "2014.12.26"]

1. e4 e5 2. Nf3 Nf6 3. Nc3 Nc6 4. d4 exd4 5. Nxd4 Bb4 6. Nxc6 bxc6 7. Bd3 d6 8.
O-O O-O 9. Bg5 Bxc3 10. bxc3 Re8 11. Re1 h6 12. Bc1 Rb8 13. f4 a5 14. h3 Qe7
15. Qf3 Bd7 16. g4 Nh7 17. Ba3 Qe6 18. e5 dxe5 19. Bf5 Qf6 20. Bxd7 Ng5 21. Qg2
exf4 22. Rxe8+ Rxe8 23. Bxe8 Qxc3 24. Rf1 Qxa3 25. Bxc6 Qe3+ 26. Kh2 f3 27.
Bxf3 Qf4+ 28. Kh1 Qa4 29. Bd5 Qd7 30. h4 Ne6 31. c4 Qd6 32. Bxe6 Qxe6 33. Qd5
1-0